[Event "Hastings Masters op"]
[Site "Hastings"]
[Date "2023.01.06"]
[Round "10"]
[White "Schimnatkowski, Lukas"]
[Black "Rolvag, Mikael"]
[Result "1/2-1/2"]
[WhiteElo "2194"]
[BlackElo "2110"]
[PlyCount "56"]
[EventDate "2022.12.28"]
[EventType "swiss"]
[EventRounds "10"]
[EventCountry "ENG"]
[SourceTitle "CBM 212 Extra"]
[Source "ChessBase"]
[SourceDate "2023.03.31"]
[SourceVersion "1"]
[SourceVersionDate "2023.03.31"]
[SourceQuality "1"]

1. e4 e6 2. d4 d5 3. Nd2 c5 4. exd5 exd5 5. Bb5+ Nc6 6. Ngf3 Bd6 7. dxc5 Bxc5 8. 0-0 Nge7 9. Nb3 Bd6 10. Bg5 0-0 11. Nbd4 Qc7 12. Be2 a6 13. Re1 Bg4 14. Kh1 Rfe8 15. c3 Ng6 16. h3 Bd7 17. Qb3 h6 18. Be3 Nge7 19. Rad1 Na5 20. Qc2 Nc4 21. Bc1 Rad8 22. Bd3 Bc8 23. Qe2 Kf8 24. Bc2 Ng8 25. Qf1 Nf6 26. Nf5 Bf4 27. b3 Bxc1 28. Rxc1 Nb6 1/2-1/2

[Event "Hastings Masters op"]
[Site "Hastings"]
[Date "2023.01.04"]
[Round "8"]
[White "Ortiz Sanchez, Luis"]
[Black "Rolvag, Mikael"]
[Result "0-1"]
[WhiteElo "1895"]
[BlackElo "2110"]
[PlyCount "54"]
[EventDate "2022.12.28"]
[EventType "swiss"]
[EventRounds "10"]
[EventCountry "ENG"]
[SourceTitle "CBM 212 Extra"]
[Source "ChessBase"]
[SourceDate "2023.03.31"]
[SourceVersion "1"]
[SourceVersionDate "2023.03.31"]
[SourceQuality "1"]

1. e4 c5 2. c3 e6 3. d4 d5 4. dxc5 Bxc5 5. exd5 exd5 6. Nf3 Nc6 7. Nbd2 Nge7 8. Nb3 Bb6 9. Bd3 Bg4 10. Bf4 Qd7 11. a4 a6 12. Be2 0-0 13. 0-0 Rfe8 14. Nfd4 Bxe2 15. Nxe2 Nf5 16. Qd3 Rad8 17. Rad1 Qe6 18. a5 Nxa5 19. Nbd4 Nxd4 20. Nxd4 Qf6 21. Qg3 Qg6 22. Qf3 Re4 23. Rfe1 Nc4 24. Re2 h6 25. h3 Rde8 26. Be3 Ne5 27. Qf5 Rxd4 0-1

[Event "Hastings Masters op"]
[Site "Hastings"]
[Date "2022.12.29"]
[Round "2"]
[White "Rolvag, Mikael"]
[Black "Lalic, Bogdan"]
[Result "1/2-1/2"]
[WhiteElo "2110"]
[BlackElo "2392"]
[PlyCount "36"]
[EventDate "2022.12.28"]
[EventType "swiss"]
[EventRounds "10"]
[EventCountry "ENG"]
[SourceTitle "CBM 212 Extra"]
[Source "ChessBase"]
[SourceDate "2023.03.31"]
[SourceVersion "1"]
[SourceVersionDate "2023.03.31"]
[SourceQuality "1"]

1. e4 c5 2. Nf3 d6 3. d4 cxd4 4. Nxd4 Nf6 5. Nc3 a6 6. a4 g6 7. g3 Bg4 8. f3 Bd7 9. Bg2 Bg7 10. Be3 Nc6 11. Nde2 0-0 12. 0-0 Rb8 13. Qd2 b5 14. axb5 axb5 15. Nd5 b4 16. Nd4 Nxd5 17. exd5 Nxd4 18. Bxd4 Bxd4+ 1/2-1/2

[Event "Helsingor Xtracon op"]
[Site "Helsingor"]
[Date "2019.07.28"]
[Round "10"]
[White "Rolvag, Mikael"]
[Black "Arndt, Uwe"]
[Result "1-0"]
[WhiteElo "2119"]
[BlackElo "1922"]
[PlyCount "149"]
[EventDate "2019.07.20"]
[EventType "swiss"]
[EventRounds "10"]
[EventCountry "DEN"]
[SourceTitle "CBM 191 Extra"]
[Source "ChessBase"]
[SourceDate "2019.09.30"]
[SourceVersion "1"]
[SourceVersionDate "2019.09.30"]
[SourceQuality "1"]

1. e4 c6 2. d4 d5 3. e5 c5 4. dxc5 e6 5. a3 Bxc5 6. b4 Bb6 7. Nf3 Ne7 8. Bb2 0-0 9. Bd3 Ng6 10. g3 Nc6 11. 0-0 f6 12. exf6 gxf6 13. c4 dxc4 14. Bxc4 Qxd1 15. Rxd1 Nge5 16. Be2 Ng4 17. Rf1 e5 18. Nbd2 a6 19. Nc4 Ba7 20. Nd6 b5 21. Rac1 Bd7 22. Nh4 Nh6 23. Bf3 Bd4 24. Rc2 Bxb2 25. Rxb2 Ra7 26. Bd5+ Kg7 27. Ne4 Nd4 28. Nc5 Bh3 29. Bg2 Bxg2 30. Kxg2 Kf7 31. Rd2 Nhf5 32. Nxf5 Nxf5 33. Re1 Re8 34. Red1 Nd4 35. f4 a5 36. fxe5 fxe5 37. Rf1+ Kg7 38. Re1 Kf7 39. Re4 axb4 40. axb4 Ree7 41. Nd3 Nc6 42. Rc2 Ra6 43. Rc5 Ra2+ 44. Kh3 Rd7 45. Rxc6 Rxd3 46. Rxe5 Rdd2 47. Rxb5 Rxh2+ 48. Kg4 Ra7 49. Rcb6 Rb2 50. Rb7+ Rxb7 51. Rxb7+ Kg6 52. Rb6+ Kf7 53. Kg5 Rb3 54. g4 Rb1 55. Rb7+ Kg8 56. b5 Rb2 57. b6 Rb1 58. Kf6 Rf1+ 59. Ke6 Re1+ 60. Kd7 Rd1+ 61. Kc8 Rb1 62. Rb8 Rb4 63. Kc7+ Kg7 64. Rd8 Rc4+ 65. Kb8 Rxg4 66. b7 Rb4 67. Rd7+ Kg6 68. Kc8 h5 69. Rd5 Rc4+ 70. Kd7 Rb4 71. Kc7 h4 72. b8Q Rxb8 73. Kxb8 h3 74. Kc7 h2 75. Rd1 1-0

[Event "Helsingor Xtracon op"]
[Site "Helsingor"]
[Date "2019.07.26"]
[Round "8"]
[White "Rolvag, Mikael"]
[Black "Voll, Oddvar U"]
[Result "1-0"]
[WhiteElo "2119"]
[BlackElo "1927"]
[PlyCount "59"]
[EventDate "2019.07.20"]
[EventType "swiss"]
[EventRounds "10"]
[EventCountry "DEN"]
[SourceTitle "CBM 191 Extra"]
[Source "ChessBase"]
[SourceDate "2019.09.30"]
[SourceVersion "1"]
[SourceVersionDate "2019.09.30"]
[SourceQuality "1"]

1. e4 d6 2. d4 Nf6 3. Nc3 Nbd7 4. Nf3 e5 5. Be2 Be7 6. 0-0 c6 7. a4 Qc7 8. a5 h6 9. Re1 Nf8 10. Bf1 g5 11. dxe5 dxe5 12. Nd2 Ng6 13. Nc4 Nf4 14. Be3 Be6 15. Qb1 h5 16. b4 Kf8 17. Na4 Bd7 18. Qb2 Kg7 19. Nc5 Rae8 20. Nxd7 Nxd7 21. Bxa7 g4 22. Ne3 Kh7 23. Nf5 Bg5 24. Qb3 Nf8 25. Bb6 Qd7 26. Rad1 Qe6 27. Bc4 Qf6 28. Bxf7 Re7 29. Nxe7 Qxe7 30. Bd8 1-0

[Event "Helsingor Xtracon op"]
[Site "Helsingor"]
[Date "2019.07.24"]
[Round "6"]
[White "Sonis, Francesco"]
[Black "Rolvag, Mikael"]
[Result "1/2-1/2"]
[WhiteElo "2498"]
[BlackElo "2119"]
[PlyCount "117"]
[EventDate "2019.07.20"]
[EventType "swiss"]
[EventRounds "10"]
[EventCountry "DEN"]
[SourceTitle "CBM 191 Extra"]
[Source "ChessBase"]
[SourceDate "2019.09.30"]
[SourceVersion "1"]
[SourceVersionDate "2019.09.30"]
[SourceQuality "1"]

1. Nf3 Nf6 2. c4 d6 3. d4 Nbd7 4. Nc3 e5 5. g3 Be7 6. Bg2 0-0 7. 0-0 c6 8. Qc2 Re8 9. Rd1 Qc7 10. e4 a6 11. a4 a5 12. h3 Bf8 13. Be3 exd4 14. Nxd4 Nc5 15. Re1 g6 16. Rad1 Na6 17. f4 Nd7 18. Nb3 Nb4 19. Qf2 b6 20. Nc1 Ba6 21. b3 Rad8 22. Bd4 Nc5 23. g4 Bg7 24. Bxg7 Kxg7 25. g5 Qe7 26. h4 Bc8 27. Bf3 f6 28. Kg2 h6 29. gxh6+ Kxh6 30. Qg3 Qg7 31. Rd2 f5 32. e5 Qe7 33. Red1 Nb7 34. exd6 Qg7 35. N3e2 Bd7 36. Rh1 Qf6 37. Qg5+ Kg7 38. Ng3 Qxg5 39. hxg5 Nc5 40. Kf2 Re6 41. Nge2 Rde8 42. Nd4 Re3 43. Re2 Rxe2+ 44. Ndxe2 Re6 45. Rd1 Nb7 46. Nd4 Rxd6 47. Ke3 Kf7 48. Rd2 Be8 49. Bh1 Rd7 50. Nf3 Rxd2 51. Ne5+ Ke7 52. Kxd2 Kd6 53. Ne2 Nc5 54. Nd4 Ne6 55. Nxe6 Kxe6 56. Bf3 Kd6 57. Kc3 Na6 58. Nd3 Nc5 59. Nxc5 1/2-1/2

[Event "Helsingor Xtracon op"]
[Site "Helsingor"]
[Date "2019.07.20"]
[Round "1"]
[White "Rolvag, Mikael"]
[Black "Petersen, Jan"]
[Result "1-0"]
[WhiteElo "2119"]
[BlackElo "1660"]
[PlyCount "39"]
[EventDate "2019.07.20"]
[EventType "swiss"]
[EventRounds "10"]
[EventCountry "DEN"]
[SourceTitle "CBM 191 Extra"]
[Source "ChessBase"]
[SourceDate "2019.09.30"]
[SourceVersion "1"]
[SourceVersionDate "2019.09.30"]
[SourceQuality "1"]

1. e4 c5 2. Nf3 d6 3. d4 cxd4 4. Nxd4 Nf6 5. Nc3 a6 6. a4 e6 7. Be2 Be7 8. 0-0 0-0 9. Kh1 e5 10. Nb3 Be6 11. f4 Bxb3 12. cxb3 Qb6 13. Bc4 Nc6 14. Nd5 Nxd5 15. Bxd5 Rac8 16. f5 Nb4 17. Bc4 Qd8 18. Rf3 Qd7 19. Rh3 g6 20. Qd2 1-0

[Event "NOR-ch North Master"]
[Site "Mosjoen"]
[Date "2019.06.01"]
[Round "4"]
[White "Royset, Pal"]
[Black "Rolvag, Mikael"]
[Result "1/2-1/2"]
[WhiteElo "2205"]
[BlackElo "2110"]
[PlyCount "41"]
[EventDate "2019.05.30"]
[EventType "swiss"]
[EventRounds "6"]
[EventCountry "NOR"]
[SourceTitle "EXT 2024"]
[Source "ChessBase"]
[SourceDate "2023.10.10"]
[SourceVersion "1"]
[SourceVersionDate "2023.10.10"]
[SourceQuality "1"]

1. e4 e6 2. d4 d5 3. Nc3 Bb4 4. e5 Ne7 5. Nf3 c5 6. a3 Bxc3+ 7. bxc3 h6 8. a4 Qc7 9. Bb5+ Nd7 10. 0-0 b6 11. a5 Bb7 12. Re1 0-0 13. Bf4 Ng6 14. Bg3 Bc6 15. Bxc6 Qxc6 16. h4 Rfc8 17. h5 Ne7 18. Bf4 cxd4 19. Nxd4 Qxc3 20. Re3 Qc6 21. Re1 1/2-1/2

[Event "NOR-ch North Master"]
[Site "Mosjoen"]
[Date "2019.06.01"]
[Round "5"]
[White "Vestby Ellingsen, Mads"]
[Black "Rolvag, Mikael"]
[Result "1-0"]
[WhiteElo "2345"]
[BlackElo "2110"]
[PlyCount "55"]
[EventDate "2019.05.30"]
[EventType "swiss"]
[EventRounds "6"]
[EventCountry "NOR"]
[SourceTitle "EXT 2024"]
[Source "ChessBase"]
[SourceDate "2023.10.10"]
[SourceVersion "1"]
[SourceVersionDate "2023.10.10"]
[SourceQuality "1"]

1. d4 Nf6 2. Bg5 e6 3. e4 h6 4. Bxf6 Qxf6 5. c3 d6 6. Bd3 g6 7. Ne2 Bg7 8. 0-0 Qe7 9. f4 Nd7 10. e5 Nb6 11. Nd2 Bd7 12. Ne4 Bc6 13. N2g3 a5 14. Qe2 Nd7 15. Rae1 Bxe4 16. Nxe4 d5 17. Nf2 a4 18. a3 Nb6 19. Kh1 h5 20. Nd1 Qd7 21. Ne3 Nc8 22. f5 gxf5 23. Nxf5 exf5 24. Rxf5 Ne7 25. Rxf7 Bf8 26. Ref1 Qg4 27. Qf2 Qg8 28. Bh7 1-0

[Event "NOR-ch North Master"]
[Site "Mosjoen"]
[Date "2019.05.31"]
[Round "2"]
[White "Boroy, Rune"]
[Black "Rolvag, Mikael"]
[Result "1/2-1/2"]
[WhiteElo "1656"]
[BlackElo "2110"]
[PlyCount "48"]
[EventDate "2019.05.30"]
[EventType "swiss"]
[EventRounds "6"]
[EventCountry "NOR"]
[SourceTitle "EXT 2024"]
[Source "ChessBase"]
[SourceDate "2023.10.10"]
[SourceVersion "1"]
[SourceVersionDate "2023.10.10"]
[SourceQuality "1"]

1. e4 e6 2. d4 d5 3. e5 c5 4. c3 Nc6 5. Nf3 Qb6 6. dxc5 Bxc5 7. Qe2 Bd7 8. Nbd2 Qc7 9. Nb3 Bb6 10. Bf4 Nge7 11. Nbd4 a6 12. Nxc6 Nxc6 13. Qd2 Na5 14. Bd3 Bb5 15. 0-0 Bxd3 16. Qxd3 Qc4 17. Qd2 Qe4 18. Rfe1 Qg6 19. c4 Nxc4 20. Qb4 Ba5 21. Qc5 Bb6 22. Qb4 Ba5 23. Qc5 Bb6 24. Qb4 Ba5 1/2-1/2

[Event "NOR-ch North Master"]
[Site "Mosjoen"]
[Date "2019.05.30"]
[Round "1"]
[White "Rolvag, Mikael"]
[Black "Notkevich, Benjamin Arvola"]
[Result "1/2-1/2"]
[WhiteElo "2110"]
[BlackElo "2485"]
[PlyCount "75"]
[EventDate "2019.05.30"]
[EventType "swiss"]
[EventRounds "6"]
[EventCountry "NOR"]
[SourceTitle "EXT 2024"]
[Source "ChessBase"]
[SourceDate "2023.10.10"]
[SourceVersion "1"]
[SourceVersionDate "2023.10.10"]
[SourceQuality "1"]

1. c4 Nf6 2. Nc3 e5 3. Nf3 Nc6 4. e3 Bb4 5. Qc2 Bxc3 6. Qxc3 Qe7 7. d3 0-0 8. Be2 d5 9. 0-0 d4 10. exd4 exd4 11. Qc2 Bg4 12. h3 Rfe8 13. Bd1 Bh5 14. Bf4 h6 15. Qd2 Rad8 16. a3 a5 17. Rb1 Qd7 18. b4 axb4 19. axb4 b5 20. g4 bxc4 21. b5 Ne7 22. Ne5 Qc8 23. Nxc4 Nfd5 24. b6 Nxf4 25. Qxf4 Nd5 26. Qg3 Bg6 27. b7 Qb8 28. Ne5 Rxe5 29. Qxe5 Bxd3 30. Bf3 Bxb1 31. Bxd5 Bc2 32. Ra1 d3 33. Ra8 d2 34. Bf3 Qxa8 35. bxa8Q Rxa8 36. Qxc7 d1Q+ 37. Bxd1 Bxd1 38. Qc6 1/2-1/2

[Event "Hastings Masters op 93rd"]
[Site "Hastings"]
[Date "2018.01.02"]
[Round "6"]
[White "Lovell, William Pm"]
[Black "Rolvag, Mikael"]
[Result "1/2-1/2"]
[WhiteElo "1688"]
[BlackElo "2113"]
[PlyCount "26"]
[EventDate "2017.12.28"]
[EventType "swiss"]
[EventRounds "9"]
[EventCountry "ENG"]
[SourceTitle "CBM 182 Extra"]
[Source "ChessBase"]
[SourceDate "2018.02.23"]
[SourceVersion "1"]
[SourceVersionDate "2018.02.23"]
[SourceQuality "1"]

1. d4 Nf6 2. Nc3 d6 3. e4 c6 4. Nf3 Qa5 5. Bd2 Qc7 6. Bc4 b5 7. Bd3 e5 8. dxe5 dxe5 9. a4 b4 10. Ne2 Be7 11. Ng3 g6 12. c3 a5 13. cxb4 axb4 1/2-1/2

[Event "Hastings Masters op 93rd"]
[Site "Hastings"]
[Date "2017.12.31"]
[Round "4"]
[White "Rolvag, Mikael"]
[Black "Hebden, Mark"]
[Result "0-1"]
[WhiteElo "2113"]
[BlackElo "2445"]
[PlyCount "106"]
[EventDate "2017.12.28"]
[EventType "swiss"]
[EventRounds "9"]
[EventCountry "ENG"]
[SourceTitle "CBM 182 Extra"]
[Source "ChessBase"]
[SourceDate "2018.02.23"]
[SourceVersion "1"]
[SourceVersionDate "2018.02.23"]
[SourceQuality "1"]

1. c4 g6 2. g3 Bg7 3. Bg2 Nf6 4. Nc3 0-0 5. d3 d6 6. e4 c5 7. Nge2 Nc6 8. 0-0 a6 9. a4 Rb8 10. h3 Ne8 11. Be3 e5 12. Nd5 Nc7 13. Nxc7 Qxc7 14. Nc3 Nb4 15. Kh2 Bd7 16. Qd2 b5 17. axb5 axb5 18. b3 Bc6 19. Rfc1 f5 20. f4 bxc4 21. dxc4 fxe4 22. Nxe4 Bxe4 23. Bxe4 exf4 24. Bxf4 Bxa1 25. Rxa1 Rf6 26. Rd1 Re8 27. Bg2 Qf7 28. h4 h5 29. Kg1 Kh7 30. Bg5 Rfe6 31. Rf1 Qg7 32. Bh3 Re2 33. Qxd6 Qd4+ 34. Qxd4 cxd4 35. Rd1 Re1+ 36. Rxe1 Rxe1+ 37. Kf2 Nd3+ 38. Kf3 Ne5+ 39. Kf2 Rb1 40. Be6 Rb2+ 41. Kf1 Rxb3 42. Bd5 d3 43. Ke1 Rc3 44. Be3 Nxc4 45. Bxc4 Rxc4 46. Kd2 Ra4 47. Kxd3 Kg7 48. Bd4+ Kf7 49. Be5 Ke6 50. Bc7 Kf5 51. Ke3 Kg4 52. Kf2 Ra2+ 53. Kg1 Kf3 0-1

[Event "Helsingor Xtracon op"]
[Site "Helsingor"]
[Date "2017.07.23"]
[Round "3"]
[White "Rolvag, Mikael"]
[Black "Pankaj, Sindhu"]
[Result "1/2-1/2"]
[WhiteElo "2182"]
[BlackElo "1837"]
[PlyCount "43"]
[EventDate "2017.07.22"]
[EventType "swiss"]
[EventRounds "10"]
[EventCountry "DEN"]
[SourceTitle "CBM 179 Extra"]
[Source "ChessBase"]
[SourceDate "2017.08.23"]
[SourceVersion "1"]
[SourceVersionDate "2017.08.23"]
[SourceQuality "1"]

1. d4 d5 2. Nf3 Nf6 3. c4 e6 4. Nc3 c5 5. cxd5 Nxd5 6. e3 cxd4 7. exd4 Nxc3 8. bxc3 Qc7 9. Bd2 Bd6 10. Bd3 Nd7 11. 0-0 b6 12. Re1 Bb7 13. h3 0-0 14. c4 Bf4 15. Be3 Nf6 16. Qe2 Rfd8 17. Rac1 Rac8 18. Red1 Bxe3 19. fxe3 Bxf3 20. Qxf3 e5 21. Bf5 Rb8 22. Bc2 1/2-1/2

[Event "Helsingor Xtracon op"]
[Site "Helsingor"]
[Date "2017.07.22"]
[Round "1"]
[White "Rolvag, Mikael"]
[Black "Lindgaard, Tobias Simon"]
[Result "1-0"]
[WhiteElo "2182"]
[BlackElo "1705"]
[PlyCount "73"]
[EventDate "2017.07.22"]
[EventType "swiss"]
[EventRounds "10"]
[EventCountry "DEN"]
[SourceTitle "CBM 179 Extra"]
[Source "ChessBase"]
[SourceDate "2017.08.23"]
[SourceVersion "1"]
[SourceVersionDate "2017.08.23"]
[SourceQuality "1"]

1. d4 d5 2. Nf3 Nf6 3. c4 e6 4. Bg5 Be7 5. Nc3 0-0 6. e3 h6 7. Bh4 Ne4 8. Bxe7 Qxe7 9. Qb3 Nxc3 10. bxc3 c6 11. Be2 Nd7 12. cxd5 exd5 13. 0-0 Nf6 14. c4 Be6 15. Rab1 Rab8 16. Rb2 Ne4 17. Rfb1 Rfc8 18. Rc1 b6 19. Rbc2 Nd6 20. cxd5 Bxd5 21. Qa3 Kf8 22. Ne5 c5 23. dxc5 bxc5 24. Nd3 Nb5 25. Qa5 c4 26. Nf4 Be4 27. Rxc4 Rxc4 28. Bxc4 Qa3 29. Qxa3+ Nxa3 30. Bb3 Bc2 31. h3 Bxb3 32. axb3 Rxb3 33. Rc8+ Ke7 34. Rc7+ Kf6 35. Rxa7 Nc4 36. Ra6+ Rb6 37. Nd5+ 1-0

[Event "Helsingor Xtracon op"]
[Site "Helsingor"]
[Date "2016.07.26"]
[Round "5"]
[White "Pallesen, Jacob"]
[Black "Rolvag, Mikael"]
[Result "1-0"]
[WhiteElo "2026"]
[BlackElo "2214"]
[PlyCount "87"]
[EventDate "2016.07.23"]
[EventType "swiss"]
[EventRounds "10"]
[EventCountry "DEN"]
[SourceTitle "CBM 173 Extra"]
[Source "ChessBase"]
[SourceDate "2016.08.29"]
[SourceVersion "1"]
[SourceVersionDate "2016.08.29"]
[SourceQuality "1"]

1. d4 Nf6 2. Nf3 e6 3. c4 b6 4. Nc3 Bb7 5. Bg5 Be7 6. e3 h6 7. Bh4 0-0 8. h3 Ne4 9. Bxe7 Qxe7 10. Nxe4 Bxe4 11. Nd2 Bb7 12. Qh5 c5 13. dxc5 bxc5 14. Bd3 Nc6 15. 0-0 Rab8 16. Rac1 d6 17. f4 f5 18. g4 Rf7 19. Kf2 Qf6 20. g5 hxg5 21. fxg5 g6 22. gxf6 gxh5 23. Rg1+ Kh7 24. Rg5 Ne5 25. Be2 Rxf6 26. Rcg1 Rg6 27. Rxg6 Nxg6 28. Bxh5 Ne5 29. b3 Bc6 30. Bf3 Bd7 31. Be2 a5 32. Nf3 Nf7 33. Ng5+ Nxg5 34. Rxg5 a4 35. Bd1 axb3 36. axb3 Ra8 37. Rg1 Ra2+ 38. Kg3 Rb2 39. Rg2 Rb1 40. Rd2 Bc6 41. Rxd6 Be4 42. Kf4 Rc1 43. h4 Rc3 44. Rxe6 1-0

[Event "Helsingor Xtracon op"]
[Site "Helsingor"]
[Date "2016.07.24"]
[Round "2"]
[White "Rolvag, Mikael"]
[Black "Bering, Anders"]
[Result "1/2-1/2"]
[WhiteElo "2214"]
[BlackElo "1967"]
[PlyCount "53"]
[EventDate "2016.07.23"]
[EventType "swiss"]
[EventRounds "10"]
[EventCountry "DEN"]
[SourceTitle "CBM 173 Extra"]
[Source "ChessBase"]
[SourceDate "2016.08.29"]
[SourceVersion "1"]
[SourceVersionDate "2016.08.29"]
[SourceQuality "1"]

1. d4 Nf6 2. Nf3 e6 3. c4 d5 4. Nc3 dxc4 5. e3 a6 6. Bxc4 b5 7. Bd3 Bb7 8. 0-0 c5 9. dxc5 Bxc5 10. Qe2 Nbd7 11. e4 e5 12. a3 0-0 13. Bg5 Be7 14. Rfd1 Qb6 15. Nh4 Rfd8 16. Nf5 Bf8 17. Ne3 h6 18. Ned5 Bxd5 19. Nxd5 Qb7 20. Nxf6+ Nxf6 21. Bxf6 gxf6 22. a4 Rd4 23. axb5 axb5 24. Rxa8 Qxa8 25. Bxb5 Rxd1+ 26. Qxd1 Qxe4 27. b3 1/2-1/2

[Event "Helsingor Xtracon op"]
[Site "Helsingor"]
[Date "2016.07.23"]
[Round "1"]
[White "Kalveus, Jan"]
[Black "Rolvag, Mikael"]
[Result "0-1"]
[WhiteElo "1773"]
[BlackElo "2214"]
[PlyCount "130"]
[EventDate "2016.07.23"]
[EventType "swiss"]
[EventRounds "10"]
[EventCountry "DEN"]
[SourceTitle "CBM 173 Extra"]
[Source "ChessBase"]
[SourceDate "2016.08.29"]
[SourceVersion "1"]
[SourceVersionDate "2016.08.29"]
[SourceQuality "1"]

1. d4 Nf6 2. Bg5 e6 3. e3 h6 4. Bxf6 Qxf6 5. Nf3 d6 6. c4 g6 7. Nc3 Bg7 8. h3 Qe7 9. Be2 0-0 10. g4 c5 11. Qd2 Na6 12. Rd1 b6 13. Nh2 Bb7 14. Bf3 cxd4 15. exd4 Rac8 16. Qe2 Nb4 17. Bxb7 Qxb7 18. 0-0 Nc6 19. Nf3 Na5 20. Nb5 Qe7 21. Na3 Rfd8 22. Rd2 Qf6 23. Kg2 Qe7 24. Rfd1 d5 25. cxd5 Rxd5 26. Rc2 Rcd8 27. Rdc1 Bxd4 28. Nxd4 Rxd4 29. Nb5 R4d7 30. Nc3 Nc6 31. Qe3 Nb4 32. Re2 Qh4 33. Qf3 Nd3 34. Rf1 e5 35. Ne4 Nf4+ 36. Kh2 Nxe2 37. Nf6+ Kg7 38. Nxd7 Nd4 39. Qd5 Qe7 40. Qxe5+ Qxe5+ 41. Nxe5 Rd5 42. Nc4 Ne6 43. Kg3 b5 44. Ne3 Rd2 45. Rb1 Nc5 46. Kf3 Kf6 47. h4 Ne6 48. Nd1 Rd3+ 49. Ne3 Rd2 50. Nd1 h5 51. gxh5 gxh5 52. Nc3 Rd3+ 53. Kg2 Nf4+ 54. Kf1 b4 55. Ne4+ Kf5 56. Nc5 Rh3 57. Kg1 Rxh4 58. Rd1 Rg4+ 59. Kf1 h4 60. Nd3 h3 61. f3 Rg8 62. Nxf4 Kxf4 63. Rd4+ Kg3 64. Kg1 Rc8 65. Rd1 Rc2 0-1

[Event "Hastings Masters op 91st"]
[Site "Hastings"]
[Date "2016.01.02"]
[Round "6"]
[White "Rolvag, Mikael"]
[Black "Atako, Chino"]
[Result "1/2-1/2"]
[WhiteElo "2221"]
[BlackElo "2050"]
[PlyCount "29"]
[EventDate "2015.12.28"]
[EventType "swiss"]
[EventRounds "9"]
[EventCountry "ENG"]
[SourceTitle "CBM 170 Extra"]
[Source "ChessBase"]
[SourceDate "2016.02.25"]
[SourceVersion "1"]
[SourceVersionDate "2016.02.25"]
[SourceQuality "1"]

1. d4 d5 2. Nf3 Nf6 3. c4 c6 4. e3 e6 5. Bd3 dxc4 6. Bxc4 Nbd7 7. 0-0 Bd6 8. b3 Qe7 9. Bb2 0-0 10. Nbd2 e5 11. dxe5 Nxe5 12. Nxe5 Bxe5 13. Bxe5 Qxe5 14. Nf3 Qe7 15. Qc2 1/2-1/2

[Event "Hastings Masters op 91st"]
[Site "Hastings"]
[Date "2015.12.31"]
[Round "4"]
[White "Rolvag, Mikael"]
[Black "Sikkel, Dirk"]
[Result "1/2-1/2"]
[WhiteElo "2221"]
[BlackElo "1991"]
[PlyCount "118"]
[EventDate "2015.12.28"]
[EventType "swiss"]
[EventRounds "9"]
[EventCountry "ENG"]
[SourceTitle "CBM 170 Extra"]
[Source "ChessBase"]
[SourceDate "2016.02.25"]
[SourceVersion "1"]
[SourceVersionDate "2016.02.25"]
[SourceQuality "1"]

1. c4 g6 2. g3 Bg7 3. Bg2 e5 4. Nc3 Nc6 5. d3 d6 6. e3 f5 7. Nge2 Nf6 8. Rb1 Be6 9. Nd5 Qd7 10. Qa4 0-0 11. Nec3 Rf7 12. 0-0 Nd8 13. Qa5 c6 14. Nxf6+ Bxf6 15. Bd2 Rg7 16. e4 Nf7 17. Be3 a6 18. Qa4 Rf8 19. exf5 gxf5 20. f4 exf4 21. Bxf4 Be5 22. Ne2 d5 23. c5 Bf6 24. d4 Re8 25. Nc1 Ng5 26. Nd3 Ne4 27. Rbc1 h5 28. Ne5 Bxe5 29. Bxe5 Rh7 30. Rf4 Ree7 31. Qb4 Qe8 32. Rh4 Qg6 33. Rf1 Nf6 34. Qd2 Bd7 35. Bf3 Ng4 36. Bf4 Re6 37. h3 Nf6 38. Be5 Ne4 39. Qf4 Ree7 40. Kh2 Ng5 41. Bd1 Nf7 42. Re1 Ng5 43. Re3 Ne4 44. Qf3 Be8 45. Qe2 Rd7 46. b4 Ng5 47. a4 Ne4 48. Bb3 Bf7 49. Ba2 Qe6 50. b5 axb5 51. axb5 Bg6 52. Ra3 Qe8 53. b6 Rhe7 54. Qc2 Rxe5 55. dxe5 Qxe5 56. Rf4 Kh7 57. Ra8 d4 58. Bg8+ Kg7 59. Bc4 Nxg3 1/2-1/2

[Event "Politiken Cup 37th"]
[Site "Helsingor"]
[Date "2015.07.29"]
[Round "6"]
[White "Lundberg, Roland"]
[Black "Rolvag, Mikael"]
[Result "0-1"]
[WhiteElo "1990"]
[BlackElo "2193"]
[PlyCount "84"]
[EventDate "2015.07.25"]
[EventType "swiss"]
[EventRounds "10"]
[EventCountry "DEN"]
[SourceTitle "CBM 167 Extra"]
[Source "ChessBase"]
[SourceDate "2015.09.14"]
[SourceVersion "1"]
[SourceVersionDate "2015.09.14"]
[SourceQuality "1"]

1. d4 Nf6 2. Nf3 e6 3. c4 b6 4. g3 Ba6 5. b3 b5 6. c5 Bb7 7. Bg2 d6 8. cxd6 Bxd6 9. 0-0 0-0 10. Ba3 Nbd7 11. Bxd6 cxd6 12. Qd3 Qb6 13. Rd1 b4 14. Nfd2 d5 15. h3 Rac8 16. a3 a5 17. g4 h6 18. Nf3 Ba6 19. Qe3 Ne4 20. axb4 axb4 21. Bf1 Bb5 22. Rc1 f5 23. Rxc8 Rxc8 24. Nbd2 Rc3 25. Ra8+ Kh7 26. Qf4 g5 27. Qh2 Nxd2 28. Nxd2 Rc1 29. e3 Bxf1 30. Nxf1 Qb5 31. Qg2 f4 32. h4 gxh4 33. Re8 Nf6 34. Re7+ Kg6 35. Rxe6 Kf7 36. Re5 Ne4 37. Qh3 Ng5 38. Qg2 f3 39. Rf5+ Kg7 40. Rxf3 Nxf3+ 41. Qxf3 Qxf1+ 42. Kh2 Rc2 0-1

[Event "Politiken Cup 37th"]
[Site "Helsingor"]
[Date "2015.07.28"]
[Round "5"]
[White "Rolvag, Mikael"]
[Black "Bernhardsson, Sten Hilding G"]
[Result "1/2-1/2"]
[WhiteElo "2193"]
[BlackElo "2003"]
[PlyCount "61"]
[EventDate "2015.07.25"]
[EventType "swiss"]
[EventRounds "10"]
[EventCountry "DEN"]
[SourceTitle "CBM 167 Extra"]
[Source "ChessBase"]
[SourceDate "2015.09.14"]
[SourceVersion "1"]
[SourceVersionDate "2015.09.14"]
[SourceQuality "1"]

1. d4 d5 2. c4 e6 3. Nf3 Nf6 4. Bg5 Be7 5. Nc3 0-0 6. e3 Nbd7 7. Bd3 dxc4 8. Bxc4 c5 9. 0-0 cxd4 10. exd4 Nb6 11. Bb3 Bd7 12. Ne5 Rc8 13. Re1 Nbd5 14. Rc1 Bc6 15. Qe2 Ne4 16. Nxc6 bxc6 17. Nxe4 Bxg5 18. Rcd1 Be7 19. Qc4 Qa5 20. Rc1 Rfd8 21. Red1 Nf4 22. Nc5 Qc7 23. g3 Nd5 24. Qe2 Bf6 25. Ne4 Be7 26. Bc2 Nf6 27. Ng5 Qa5 28. h4 h6 29. Nf3 c5 30. Bb3 Qb6 31. dxc5 1/2-1/2